CS:GO - All S-Tier Tournaments in 2019 - Statistics

General Stats
  • This quiz has been taken 6 times
  • The average score is 101 of 182
Answer Stats
Hint Answer % Correct
2nd Astralis
100%
Cloud9
100%
device
100%
FaZe
100%
G2
100%
HEROIC
100%
karrigan
100%
1st Liquid
100%
4th MOUZ
100%
Natus Vincere
100%
NiKo
100%
100 Thieves
75%
AdreN
75%
Aerial
75%
Aleksib
75%
ALEX
75%
allu
75%
amanek
75%
apEX
75%
arT
75%
autimatic
75%
AVANGAR
75%
b0RUP
75%
Boombl4
75%
buster
75%
cadiaN
75%
chrisJ
75%
coldzera
75%
dupreeh
75%
Edward
75%
electroNic
75%
EliGE
75%
ENCE
75%
Evil Geniuses
75%
f0rest
75%
FalleN
75%
felps
75%
fer
75%
flamie
75%
flusha
75%
3-4th fnatic
75%
frozen
75%
FURIA
75%
GeT_RiGhT
75%
gla1ve
75%
Golden
75%
Gratisfaction
75%
GuardiaN
75%
HEN1
75%
Jame
75%
jkaem
75%
jks
75%
JW
75%
kennyS
75%
KRIMZ
75%
KSCERATO
75%
Liazz
75%
Magisk
75%
mantuu
75%
MIBR
75%
MICHU
75%
NAF
75%
NBK-
75%
NEO
75%
Ninjas in Pyjamas
75%
North
75%
NRG
75%
OG
75%
olofmeister
75%
phr
75%
Qikert
75%
rain
75%
Renegades
75%
REZ
75%
ropz
75%
RpK
75%
RUSH
75%
s1mple
75%
SANJI
75%
sergej
75%
shox
75%
snatchie
75%
Snax
75%
stavn
75%
Stewie2K
75%
TACO
75%
tarik
75%
twist
75%
Twistzz
75%
Virtus.pro
75%
Vitality
75%
woxic
75%
xseveN
75%
Xyp9x
75%
yuurih
75%
Zeus
75%
ZywOo
75%
Attacker
50%
AZR
50%
BIG
50%
BnTeT
50%
bodyy
50%
Brehze
50%
broky
50%
Brollan
50%
CeRq
50%
Complexity
50%
draken
50%
FL1T
50%
FORZE
50%
gob b
50%
huNter-
50%
ISSAA
50%
JACKZ
50%
kioShiMa
50%
Kjaerbye
50%
Lekr0
50%
Lucky
50%
nexa
50%
nitr0
50%
Plopski
50%
poizon
50%
somebody
50%
stanislaw
50%
suNny
50%
tabseN
50%
TYLOO
50%
valde
50%
Vegi
50%
Windigo
50%
Xizt
50%
ableJ
25%
acoR
25%
AGO
25%
almazer
25%
bubble
25%
Bubzkji
25%
daps
25%
dennis
25%
es3tag
25%
Ethan
25%
facecrack
25%
gade
25%
GruBy
25%
HUNDEN
25%
Jerry
25%
JUGi
25%
kNgV-
25%
koosta
25%
LUCAS1
25%
roeJ
25%
SHiPZ
25%
sjuush
25%
smooya
25%
Summer
25%
SZPERO
25%
TenZ
25%
Tricked
25%
v1c7oR
25%
VINI
25%
XANTARES
25%
xsepower
25%
Zellsis
25%
aizy
0%
blocker
0%
dephh
0%
freakazoid
0%
Freeman
0%
Furlan
0%
3rd Ghost
0%
kaper
0%
mixwell
0%
n0thing
0%
NaToSaphiX
0%
neptune
0%
Rickeh
0%
ShahZaM
0%
Snappi
0%
steel
0%
tiziaN
0%
WARDELL
0%
zews
0%
No matching quizzes found
Score Distribution
Percent of People with Each Score
Percentile by Number Answered
Your Score History
You have not taken this quiz